Sha tan jiu sheng yuan = Ocean surviving
| Main Author: | |
|---|---|
| Format: | Book |
| Published: |
Kuala Lumpur :
Hup Lick Publishing ,
2015
|
| Subjects: |
MARC
| LEADER | 00000cam a2200000 7i4500 | ||
|---|---|---|---|
| 001 | 0000205129 | ||
| 005 | 20250911170048.0 | ||
| 020 | |a 9789673489879 | ||
| 090 | 0 | 0 | |a JFM |b PEN |
| 100 | 0 | |a Peng Peng Nao | |
| 245 | 1 | 0 | |a Sha tan jiu sheng yuan = Ocean surviving |c Peng peng Nao |
| 260 | |a Kuala Lumpur : |b Hup Lick Publishing , |c 2015 | ||
| 300 | |a 127p. : |b ill. ; |c 21cm. | ||
| 650 | 0 | |a Chinese fiction | |
| 650 | 0 | |a Chinese language | |
| 650 | 0 | |a Comic books, strips, etc. |x Chinese | |
| 999 | |a 00320606 |b BUKU |c JUNIOR FICTION MANDARIN COLLECTION |e PERPUSTAKAAN KOMUNITI PETALING JAYA | ||